000 00345 a2200145 4500
001 166295
020 _a
040 _cMagnum
100 _aKunz, Elenor
240 1 0 _aTransformacao didatico-pedagogica do esporte
_lpor
245 1 0 _aTransformacao didatico-pedagogica do esporte
362 0 _a1899
697 _aEDUCACAO FISICA
942 _cBK
999 _c166295
_d166295